<?xml version="1.0" encoding="UTF-8"?>
<record
    xmlns:xsi="http://www.w3.org/2001/XMLSchema-instance"
    xsi:schemaLocation="http://www.loc.gov/MARC21/slim http://www.loc.gov/standards/marcxml/schema/MARC21slim.xsd"
    xmlns="http://www.loc.gov/MARC21/slim">

  <leader>01926nam0a2200361   4500</leader>
  <controlfield tag="001">RU\NLR\bibl\957128</controlfield>
  <controlfield tag="005">20250614203112.0</controlfield>
  <datafield tag="010" ind1=" " ind2=" ">
    <subfield code="a">5-9545-0011-8</subfield>
    <subfield code="9">5000</subfield>
  </datafield>
  <datafield tag="021" ind1=" " ind2=" ">
    <subfield code="a">RU</subfield>
    <subfield code="b">2006-27626</subfield>
    <subfield code="9">1372</subfield>
  </datafield>
  <datafield tag="021" ind1=" " ind2=" ">
    <subfield code="a">RU</subfield>
    <subfield code="b">2006-71194</subfield>
    <subfield code="9">3584</subfield>
  </datafield>
  <datafield tag="035" ind1=" " ind2=" ">
    <subfield code="a">(NLR Aleph) 000945187</subfield>
  </datafield>
  <datafield tag="090" ind1=" " ind2=" ">
    <subfield code="a">244866</subfield>
    <subfield code="c">244866</subfield>
  </datafield>
  <datafield tag="100" ind1=" " ind2=" ">
    <subfield code="a">20060606d2006    |||y0rusy50      ca</subfield>
  </datafield>
  <datafield tag="101" ind1="0" ind2=" ">
    <subfield code="a">rus</subfield>
  </datafield>
  <datafield tag="102" ind1=" " ind2=" ">
    <subfield code="a">RU</subfield>
  </datafield>
  <datafield tag="105" ind1=" " ind2=" ">
    <subfield code="a">a   |||||||||</subfield>
  </datafield>
  <datafield tag="200" ind1="1" ind2=" ">
    <subfield code="a">&#x41C;&#x43E;&#x442;&#x43E;&#x446;&#x438;&#x43A;&#x43B;&#x44B; &#x418;&#x416; &#x41F;&#x43B;&#x430;&#x43D;&#x435;&#x442;&#x430; &#x438; &#x418;&#x416; &#x42E;&#x43F;&#x438;&#x442;&#x435;&#x440; 4-&#x433;&#x43E; &#x438; 5-&#x433;&#x43E; &#x43F;&#x43E;&#x43A;&#x43E;&#x43B;&#x435;&#x43D;&#x438;&#x439;</subfield>
    <subfield code="e">&#x440;&#x443;&#x43A;&#x43E;&#x432;&#x43E;&#x434;&#x441;&#x442;&#x432;&#x43E; &#x43F;&#x43E; &#x440;&#x435;&#x43C;&#x43E;&#x43D;&#x442;&#x443; &#x438; &#x442;&#x435;&#x445;&#x43D;&#x438;&#x447;&#x435;&#x441;&#x43A;&#x43E;&#x43C;&#x443; &#x43E;&#x431;&#x441;&#x43B;&#x443;&#x436;&#x438;&#x432;&#x430;&#x43D;&#x438;&#x44E;</subfield>
    <subfield code="f">[&#x411;&#x430;&#x43A;&#x448;&#x435;&#x435;&#x432; &#x441;.&#x411;. &#x438; &#x434;&#x440;.</subfield>
    <subfield code="g">&#x43F;&#x43E;&#x434; &#x43E;&#x431;&#x449;. &#x440;&#x435;&#x434;. &#x41F;&#x435;&#x440;&#x435;&#x432;&#x43E;&#x437;&#x447;&#x438;&#x43A;&#x43E;&#x432;&#x430; &#x410;.&#x41C;.]</subfield>
  </datafield>
  <datafield tag="210" ind1=" " ind2=" ">
    <subfield code="a">&#x41C;&#x43E;&#x441;&#x43A;&#x432;&#x430;</subfield>
    <subfield code="c">&#x422;&#x440;&#x435;&#x439;&#x434; &#x441;&#x435;&#x440;&#x432;&#x438;&#x441;</subfield>
    <subfield code="c">&#x410;&#x442;&#x43B;&#x430;&#x441;-&#x43F;&#x440;&#x435;&#x441;&#x441;</subfield>
    <subfield code="d">2006</subfield>
  </datafield>
  <datafield tag="215" ind1=" " ind2=" ">
    <subfield code="a">255, [1] , [4] &#x43B;. &#x446;&#x432;. &#x438;&#x43B;.</subfield>
    <subfield code="c">&#x438;&#x43B;.</subfield>
    <subfield code="d">21</subfield>
  </datafield>
  <datafield tag="225" ind1="1" ind2=" ">
    <subfield code="a">&#x410;&#x442;&#x43B;&#x430;&#x441;&#x44B; &#x430;&#x432;&#x442;&#x43E;&#x43C;&#x43E;&#x431;&#x438;&#x43B;&#x435;&#x439;</subfield>
  </datafield>
  <datafield tag="606" ind1="1" ind2=" ">
    <subfield code="a">"&#x418;&#x416;-&#x41F;&#x43B;&#x430;&#x43D;&#x435;&#x442;&#x430;", &#x434;&#x43E;&#x440;&#x43E;&#x436;&#x43D;&#x44B;&#x435; &#x43C;&#x43E;&#x442;&#x43E;&#x446;&#x438;&#x43A;&#x43B;&#x44B;</subfield>
    <subfield code="j">&#x420;&#x443;&#x43A;&#x43E;&#x432;&#x43E;&#x434;&#x441;&#x442;&#x432;&#x430;, &#x43F;&#x43E;&#x441;&#x43E;&#x431;&#x438;&#x44F; &#x438; &#x442;.&#x43F;.</subfield>
    <subfield code="x">&#x420;&#x435;&#x43C;&#x43E;&#x43D;&#x442;</subfield>
    <subfield code="9">2257953</subfield>
    <subfield code="3">RU\NLR\auth\661354041</subfield>
  </datafield>
  <datafield tag="606" ind1="1" ind2=" ">
    <subfield code="a">"&#x418;&#x416;-&#x41F;&#x43B;&#x430;&#x43D;&#x435;&#x442;&#x430;", &#x434;&#x43E;&#x440;&#x43E;&#x436;&#x43D;&#x44B;&#x435; &#x43C;&#x43E;&#x442;&#x43E;&#x446;&#x438;&#x43A;&#x43B;&#x44B;</subfield>
    <subfield code="j">&#x420;&#x443;&#x43A;&#x43E;&#x432;&#x43E;&#x434;&#x441;&#x442;&#x432;&#x430;, &#x43F;&#x43E;&#x441;&#x43E;&#x431;&#x438;&#x44F; &#x438; &#x442;.&#x43F;.</subfield>
    <subfield code="x">&#x422;&#x435;&#x445;&#x43D;&#x438;&#x447;&#x435;&#x441;&#x43A;&#x43E;&#x435; &#x43E;&#x431;&#x441;&#x43B;&#x443;&#x436;&#x438;&#x432;&#x430;&#x43D;&#x438;&#x435;</subfield>
    <subfield code="9">2310314</subfield>
    <subfield code="3">RU\NLR\auth\661382726</subfield>
  </datafield>
  <datafield tag="606" ind1="1" ind2=" ">
    <subfield code="a">"&#x418;&#x416;-&#x42E;&#x43F;&#x438;&#x442;&#x435;&#x440;", &#x434;&#x43E;&#x440;&#x43E;&#x436;&#x43D;&#x44B;&#x435; &#x43C;&#x43E;&#x442;&#x43E;&#x446;&#x438;&#x43A;&#x43B;&#x44B;</subfield>
    <subfield code="j">&#x420;&#x443;&#x43A;&#x43E;&#x432;&#x43E;&#x434;&#x441;&#x442;&#x432;&#x430;, &#x43F;&#x43E;&#x441;&#x43E;&#x431;&#x438;&#x44F; &#x438; &#x442;.&#x43F;.</subfield>
    <subfield code="x">&#x420;&#x435;&#x43C;&#x43E;&#x43D;&#x442;</subfield>
    <subfield code="9">2257959</subfield>
    <subfield code="3">RU\NLR\auth\661354044</subfield>
  </datafield>
  <datafield tag="606" ind1="1" ind2=" ">
    <subfield code="a">"&#x418;&#x416;-&#x42E;&#x43F;&#x438;&#x442;&#x435;&#x440;", &#x434;&#x43E;&#x440;&#x43E;&#x436;&#x43D;&#x44B;&#x435; &#x43C;&#x43E;&#x442;&#x43E;&#x446;&#x438;&#x43A;&#x43B;&#x44B;</subfield>
    <subfield code="j">&#x420;&#x443;&#x43A;&#x43E;&#x432;&#x43E;&#x434;&#x441;&#x442;&#x432;&#x430;, &#x43F;&#x43E;&#x441;&#x43E;&#x431;&#x438;&#x44F; &#x438; &#x442;.&#x43F;.</subfield>
    <subfield code="x">&#x422;&#x435;&#x445;&#x43D;&#x438;&#x447;&#x435;&#x441;&#x43A;&#x43E;&#x435; &#x43E;&#x431;&#x441;&#x43B;&#x443;&#x436;&#x438;&#x432;&#x430;&#x43D;&#x438;&#x435;</subfield>
    <subfield code="9">2310318</subfield>
    <subfield code="3">RU\NLR\auth\661382728</subfield>
  </datafield>
  <datafield tag="686" ind1=" " ind2=" ">
    <subfield code="a">&#x41E;361.2-08&#x44F;7</subfield>
  </datafield>
  <datafield tag="702" ind1=" " ind2="1">
    <subfield code="a">&#x411;&#x430;&#x43A;&#x448;&#x435;&#x435;&#x432;</subfield>
    <subfield code="b">&#x421;. &#x411;.</subfield>
    <subfield code="4">220</subfield>
  </datafield>
  <datafield tag="702" ind1=" " ind2="1">
    <subfield code="a">&#x41F;&#x435;&#x440;&#x435;&#x432;&#x43E;&#x437;&#x447;&#x438;&#x43A;&#x43E;&#x432;</subfield>
    <subfield code="b">&#x410;. &#x41C;.</subfield>
    <subfield code="4">340</subfield>
  </datafield>
  <datafield tag="801" ind1=" " ind2="0">
    <subfield code="a">RU</subfield>
    <subfield code="b">NLR</subfield>
    <subfield code="c">20060606</subfield>
    <subfield code="g">rcr</subfield>
  </datafield>
  <datafield tag="801" ind1=" " ind2="1">
    <subfield code="a">RU</subfield>
    <subfield code="b">NLR</subfield>
    <subfield code="c">20060606</subfield>
  </datafield>
  <datafield tag="942" ind1=" " ind2=" ">
    <subfield code="c">BOOK</subfield>
  </datafield>
  <datafield tag="980" ind1=" " ind2=" ">
    <subfield code="a">NB</subfield>
  </datafield>
  <datafield tag="995" ind1=" " ind2=" ">
    <subfield code="5">2006-06-06</subfield>
    <subfield code="a">ad</subfield>
    <subfield code="b">NLR01</subfield>
    <subfield code="c">NLR01</subfield>
    <subfield code="e">RF3</subfield>
    <subfield code="f">2208769</subfield>
    <subfield code="k">2006-3/16083</subfield>
    <subfield code="o">0</subfield>
    <subfield code="r">BOOK</subfield>
    <subfield code="s">2006316083_</subfield>
  </datafield>
  <datafield tag="995" ind1=" " ind2=" ">
    <subfield code="5">2006-06-06</subfield>
    <subfield code="a">ad</subfield>
    <subfield code="b">NLR01</subfield>
    <subfield code="c">NLR01</subfield>
    <subfield code="e">RF3</subfield>
    <subfield code="f">2208770</subfield>
    <subfield code="k">2006-3/16083</subfield>
    <subfield code="o">0</subfield>
    <subfield code="r">BOOK</subfield>
    <subfield code="s">2006316083_</subfield>
  </datafield>
  <datafield tag="995" ind1=" " ind2=" ">
    <subfield code="5">2006-12-14</subfield>
    <subfield code="a">ad</subfield>
    <subfield code="b">NLR01</subfield>
    <subfield code="c">NLR01</subfield>
    <subfield code="e">OUT02</subfield>
    <subfield code="f">2324112</subfield>
    <subfield code="o">0</subfield>
    <subfield code="r">BOOK</subfield>
  </datafield>
  <datafield tag="995" ind1=" " ind2=" ">
    <subfield code="5">2006-12-14</subfield>
    <subfield code="a">ad</subfield>
    <subfield code="b">NLR01</subfield>
    <subfield code="c">NLR01</subfield>
    <subfield code="e">OUT02</subfield>
    <subfield code="f">2324114</subfield>
    <subfield code="o">0</subfield>
    <subfield code="r">BOOK</subfield>
  </datafield>
</record>
